Statistiques concernant Les pays contenant entre 20 % et 30 % de protestants

Cliquez ici pour prendre le quiz!

Statistiques générales

  • Ce quiz a été pris 7 fois
  • Le résultat moyen est 5 sur 14

Statistiques - réponses

HintRéponse% Correct
23,61 %Canada
71%
26,04 %Hongrie
57%
25,59 %Brésil
43%
26,56 %Chili
43%
28,23 %République du Congo
43%
26,47 %Tanzanie
43%
25,78 %Burundi
29%
27,15 %Cameroun
29%
25,13 %Guatemala
29%
21,24 %Honduras
29%
20,77 %Panama
29%
20,45 %Nicaragua
14%
21,33 %Moldavie
0%
23,90 %Philippines
0%

Distribution des résultats

Percentile par nombre de réponses

% des personnes avec chaque résultat

Votre développement - résultats

Vous n’avez pas pris ce quiz